000 00502nam a2200193 a 4500
001 1771067063549
003 YourLibrary
005 20260214163805.0
008 260214s1994##################000#0#eng##
020 _a9780415071475
082 0 4 _a306.709
_bRIC
100 1 _aRichards, Jeffrey,
_eauthor.
245 1 0 _aSex, Dissidence and Damnation :
260 _bPsychology Press,
_c1994.
300 _a220 pages
650 0 _aHistory.
942 _cENGLISH
040 _aYourLibrary
_beng
_cYourLibrary
999 _c612537
_d612537